Starts With VAN Quiz Stats

 Plays Quiz Updated Sep 19, 2015

Also try: 'Van' Names
Challenge
Share
Tweet
Embed
Score 0/20 Timer 05:00
8 Plays Today
Clue Van_____ % Correct
Plain, as an ice cream flavorVanilla
94.5%
DisappearVanish
94%
Defeat utterlyVanquish
88.1%
The Memphis Grizzlies franchise started in this cityVancouver
82.9%
NarcissismVanity
82.4%
Destroyer of propertyVandal
81.7%
Actresses Marcil or HudgensVanessa
77.9%
Will Smith starred in 'The Legend of Bagger _____'Vance
77%
Pat's 'Wheel of Fortune' letter lighterVanna
76.7%
A position that allows for a superior viewVantage
74.8%
Clue Van_____ % Correct
Band that hit with 'Jump' and 'Right Now'Van Halen
73.6%
Tennessee University named for its wealthy endowerVanderbilt
71.1%
Forefront of a movement or armyVanguard
64%
Presidential surname of 'Dear Abby'Van Buren
63.1%
Country formerly called the New HebridesVanuatu
45.9%
Style of beard worn by Lenin and CusterVan Dyke
35.8%
Chekhov's 'Uncle _____'Vanya
34%
Element named after the German goddess of beautyVanadium
32.4%
Netherlands national team striker RobinVan Persie
30%
'Chariots of Fire' composerVangelis
25.8%

You're not logged in!

Compare scores with friends on all Sporcle quizzes.
Join for Free
OR
Log In

You Might Also Like...

Show Comments

Extras

Top Quizzes Today


Score Distribution

Your Account Isn't Verified!

In order to create a playlist on Sporcle, you need to verify the email address you used during registration. Go to your Sporcle Settings to finish the process.

Report this User

Report this user for behavior that violates our Community Guidelines.

Details: